Представление документа в формате RUSMARC

ПолеНазваниеЗначение
  Тип записи a
  Библиографический уровень a
001 Контрольный номер RU/УОНБ/EK_Kray/521740167
005 Дата корректировки 20240131005114.9
100 Данные общей обработки __
a Данные общей обработки 20160713d2016 ||| 0rusy0189 ca
101 Язык документа 0_
a Язык текста rus
102 Страна публикации __
a Страна публикации RU
105 Кодированные данные (монография) __
a Кодированные данные (монография) y###||||000|y
200 Заглавие и сведения об ответственности 1_
a Заглавие WorldSkills: ступень к будущей карьере
e Сведения, относящиеся к заглавию ульяновская студентка вошла в состав сборной России для участия в мировом чемпионате, который пройдет в ОАЭ
f Первые сведения об ответственности Андрей Корчагин
215 Физическое описание __
c Иллюстрации/тип воспроизводства 1 портр.
330 Аннотация __
a Аннотация По итогам национального чемпионата "Молодые профессионалы" студентка Ульяновского техникума отраслевых технологий и дизайна Е. Кожина стала победительницей в компетенции "Дизайнер одежды".
461 Уровень набора _0
1 2000
a Ульяновская правда
1 011
463 Уровень физической единицы _0
1 001RU/УОНБ/EK_Kray/521733615
1 2000
a 3 июня
v С. 12.
1 210
d 2016
600 Персоналии _1
a Персоналии (Фамилия) Кожина, Елена
601 Наименование организации как предмет 02
a Наименование организации как предмет Ульяновский техникум отраслевых технологий и дизайна
610 Ключевые слова 0_
a Ключевые слова техникум отраслевых технологий и дизайна
610 Ключевые слова 0_
a Ключевые слова чемпионаты
610 Ключевые слова 0_
a Ключевые слова победитель конкурса
610 Ключевые слова 0_
a Ключевые слова профессиональное образование
686 Индексы других классификаций __
a Классификационный индекс 74.574.67
2 Код системы rubbk
700 Автор _1
a Фамилия Корчагин
b Имя (инициалы) А.
g Полное личное имя Андрей
4 Код отношения 070
801 Источник записи _0
a Страна RU
b Организация Ульяновская ОНБ
c Дата составления 20160713
g Правила каталогизации RCR
801 Источник записи _1
a Страна RU
b Организация Ульяновская ОНБ
c Дата составления 20160713
g Правила каталогизации RCR
901 Тип документа __
t Тип документа b
w Контрольный № источника RU/УОНБ/EK_Kray/521733615
909 Создатель записи __
a Создатель записи Морозова Н.А.
938 Служебная информация __
a Имя БД kraeved_work
b Имя библиотеки УОНБ
c Имя АИБС МАРК-SQL
d Номер DOC_ID в БД 122178